| 000 | 01569nam a2200457 i 4500 | ||
|---|---|---|---|
| 001 | 41779 | ||
| 003 | KOSZ 005 | ||
| 005 | 20220615144636.0 | ||
| 008 | 020415s2002 pl a |000 0 pol | ||
| 015 | _aPB 2002/7502 | ||
| 035 | _a991018043959705066 | ||
| 035 | _a(PL-WaBN)b14887253-48omnis_nlop | ||
| 035 | _ab14887253 | ||
| 035 | _a(OCoLC)749639106 | ||
| 035 | _a(PL)b0000001488725 | ||
| 035 | _a(EXLNZ-48OMNIS_NETWORK)9910299243505606 | ||
| 040 |
_aWA N _cWA N _dKOSZ 005/HR |
||
| 046 | _k2002 | ||
| 080 | _a005.336 | ||
| 080 | _a659.4 | ||
| 080 | _a339.166.5 | ||
| 100 | 1 |
_aBudzyński, Wojciech _c(nauki ekonomiczne) _eAutor |
|
| 245 | 1 | 0 |
_aZarządzanie wizerunkiem firmy / _cWojciech Budzyński. |
| 260 |
_aWarszawa : _bSGH, _c2002. |
||
| 300 |
_a219 s. : _bil. ; _c24 cm. |
||
| 336 |
_2rdacontent _aTekst _btxt |
||
| 337 |
_2rdamedia _aBez urządzenia pośredniczącego _bn |
||
| 338 |
_2rdacarrier _aWolumin _bnc |
||
| 380 | _aKsiążki | ||
| 380 | _aPublikacje naukowe | ||
| 388 | _a2001- | ||
| 490 | 1 |
_aMonografie i Opracowania / Szkoła Główna Handlowa, _x0867-7727 ; _v495 |
|
| 504 | _aBibliogr. | ||
| 650 | 7 |
_aWizerunek przedsiębiorstwa _2DBN |
|
| 658 | _aZarządzanie i marketing | ||
| 710 | 2 |
_aSzkoła Główna Handlowa (Warszawa) _4pbl. |
|
| 830 | 0 |
_aMonografie i Opracowania - Szkoła Główna Handlowa, _v495 |
|
| 856 |
_uhttp://koha.tu.koszalin.pl/cgi-bin/koha/opac-detail.pl?biblionumber=41779 _yKatalog online BPK |
||
| 942 |
_2UKD _cKS |
||
| 999 |
_c41779 _d41779 |
||